000 01660npm a2200361 i 4500
001 5233
003 ES-MaACL
005 20230909113948.0
007 hzrazu bucu
008 900425r19901838fr a 00010 fre d
080 _a9(44)(08)
245 0 0 _aChoix de chroniques et memoires sur l'Histoire de France
_b: [Microforma] /
_cavec notices biographiques par J.A.C. Buchon.
260 _aMadrid :
_bAteneo Cientifico, Literario y Artistico,
_c1990.
300 _a1 carrete de microfilme :
_bnegativo ;
_c16 mm.
490 1 _aPantheon Litteraire. Litterature francaise. Histoire. XVe siecle
500 _aPublicado originalmente: Paris, Batignoles-Monceaux, 1838.
505 8 _aMemoires sur les regnes de Louis XI et Charles VIII / Philippe de Commines. Memoires sur l'expedition de Naples / Guillaume de Villenense. Memoire sur la maison de Bourgone / Olivier de La Marche. Chronique de J. de la Lain / Georges Chastellain. Chronique de la Tremoulle / Jean Bouchet
650 1 4 _aObras de 1800.
_915662
700 1 _aBuchon, Jean-Alexandre.
_9126221
700 1 _aCommines, Philippe de.
_940019
700 1 _aVillenense, Guillaume de.
_9115247
700 1 _aLa Marche, Olivier de.
_969165
700 1 _aChastellain, Georges.
_938172
700 1 _aBouchet, Jean.
_930835
740 0 _aMemoires sur l'expedition de Naples.
740 0 _aMemoire sur la maison de Bourgone.
740 0 _aChronique de J. de la Lain.
740 0 _aChronique de la Tremoulle.
830 0 _aPantheon Litteraire. Litterature francaise. Histoire. XVe siecle
_9177253
852 _aES-MaACL
_jMC-398
_95350
942 _2udc
_cMICROFORMA
999 _c5233
_d5233